Escribe el sinónimo de estas palabras - Estadísticas

Estadísticas generales
  • Esta prueba ha sido intentada 148 veces
    124 desde el último reinicio
  • La puntuación promedio es 17 de 21
Estadísticas de respuestas
Palabra Sinónimo % Correcto
Idioma Lengua
99%
Coche Automóvil
98%
Rostro Cara
97%
Teléfono Celular
96%
Pastel Tarta
93%
Ferrocarril Tren
92%
Refrigerador Nevera
91%
Caminar Andar
90%
Asno Burro
90%
Estacionar Aparcar
87%
Llanta Neumático
85%
Zumo Jugo
84%
Ordenador Computadora
83%
Insecto Bicho
82%
Tiara Diadema
80%
Fácil Sencillo
76%
Alquilar Rentar
63%
Aguacate Palta
62%
Oeste Occidente
56%
Frijoles Judías
40%
Isleño Insular
20%
No se encontraron pruebas coincidentes
Distribución de puntuación
Porcentaje de gente con cada puntuación
Porcentaje por número respondido
Historial de tus puntuaciones
No has intentado esta prueba desde el último reinicio